A viagem da sementinha (Registo nº 4649)

Detalhes MARC
000 -Etiqueta do registo
Cabeçalho 00643nam0a2200217 4500
005 - Identificador da versão
Campo de controlo 20240813122108.0
100 ## - Dados gerais de processamento
Dados gerais de processamento 20181120f198- a y0pory5003 ba
102 ## - Pais de publicação ou produção
País de publicação Portugal
101 0# - Língua de publicação
Língua do texto, banda sonora, etc. Português
215 ## - Descrição física 
Indicação específica da natureza do documento e extensão da espécie [24] p.
Outras indicações físicas muito il. color
200 1# - Titulo e menção de responsabilidade
Título próprio A viagem da sementinha
Primeira menção de responsabilidade M. Isabel Loureiro, Norberto Nunes
210 ## - Publicação, Distribuição, etc. 
Lugar da edição, distribuição, etc. Lisboa
Nome do editor, distribuidor, etc. O Livro
Data da publicação, distribuição, etc. [198-?]
606 ## - Nome comum usado como assunto
Número de registo de entrada de autoridade 0001335
Palavra de ordem Literatura portuguesa
Subdivisão de assunto Conto
Código do sistema CA
675 ## - Classificação Decimal Universal (CDU)
Notação 821.134.3-34
Edição 3ª ed.
Língua da edição por
701 #1 - Nome de autor-pessoa física (co-responsabilidade principal)
Palavra de ordem Nunes
Outra parte do nome não tomada para palavra de ordem Norberto
Datas 1942-
Código de função Autor / Co-autor
700 #1 - Nome de autor-pessoa física (responsabilidade principal)
Número de registo de entrada de autoridade 0002036
Palavra de ordem Loureiro
Outra parte do nome não tomada para palavra de ordem Maria Isabel
Datas 1950-
966 ## - Identificação da Biblioteca
Sigla EBVEN
942 ## - Elementos de entrada adicionados (Koha)
Tipo de item no Koha Livro
Exemplares
Situação do levantamento Origin of item (home branch) (coded) Biblioteca de empréstimo Código de barras Cota Circulation type (not for loan) Tipo de documento Nota do exemplar Damaged status
  Biblioteca Escolar das Vendas Biblioteca Escolar das Vendas BEV348 8POR LOU   Livro Sem mensagem